|
|
|
|
| LEADER |
00000nab a2200000 a 4500 |
| 001 |
vtls010736232 |
| 003 |
SK-MaSNL |
| 005 |
20260304190856.0 |
| 008 |
250709s1993 xo |||||||||||||||||slo| |
| 035 |
|
|
|a (urnnbn)urn:nbn:sk:snk:ar-a05ihc
|
| 035 |
|
|
|a (uuid)d13102ed-98d5-449e-870f-a8985329526b
|
| 035 |
|
|
|a urn:nbn:sk:snk-ab3xol
|
| 040 |
|
|
|a SNKBUCL
|b slo
|c SNKBUCL
|e AACR2
|
| 041 |
0 |
|
|a eng
|
| 044 |
|
|
|a xo
|c SK
|
| 100 |
1 |
|
|a Lojek, A.
|4 aut
|9 1144348
|
| 245 |
1 |
0 |
|a Effects of Nordihydroguaiaretic Acid on the Chemiluminescence of Murine Phagocytes
|c A. Lojek, A. Kozubík, M. Číž, J. Hofmanová
|
| 700 |
1 |
|
|a Kozubík, Aleš,
|d 1963-
|4 aut
|9 198014
|
| 700 |
1 |
|
|a Číž, M.
|4 aut
|9 1116878
|
| 700 |
1 |
|
|a Hofmanová, J.
|4 aut
|9 1435264
|
| 773 |
0 |
|
|t General physiology and biophysics : an international journal
|g Roč. 12, č. 4 (1993), s. 349-355
|
| 850 |
|
|
|a Slovenská národná knižnica
|
| 852 |
|
|
|a Slovenská národná knižnica
|
| 958 |
|
|
|a article1
|
| 958 |
|
|
|a OND
|
| 958 |
|
|
|a EUIPO
|
| 999 |
|
|
|c 3051683
|d 3053613
|